000
00324nam a22001457a 4500
008
230413b ||||| |||| 00| 0 eng d
020
_a
9780029068106
041
_a
eng
080
_a
316
082
_a
316COS
100
_a
24
101
_a
SOCIO
245
_a
THE FUNCTIONS OF SOCIAL CONFLICT
_c
COSER.L
942
_2
udc
_c
BK
999
_c
59528
_d
59528